header

Kpewi durorp : (Record no. 61936)

MARC details
000 -LEADER
fixed length control field 01667nam a2200361 i 4500
001 - CONTROL NUMBER
control field ebr10913087
003 - CONTROL NUMBER IDENTIFIER
control field CaPaEBR
006 - FIXED-LENGTH DATA ELEMENTS--ADDITIONAL MATERIAL CHARACTERISTICS--GENERAL INFORMATION
fixed length control field m o d
007 - PHYSICAL DESCRIPTION FIXED FIELD--GENERAL INFORMATION
fixed length control field cr cn|||||||||
008 - FIXED-LENGTH DATA ELEMENTS--GENERAL INFORMATION
fixed length control field 140830t20142014cm a o 000 0 eng d
020 ## - INTERNATIONAL STANDARD BOOK NUMBER
Cancelled/invalid ISBN 9789956792849
International Standard Book Number 9789956792030 (e-book)
040 ## - CATALOGING SOURCE
Original cataloging agency CaPaEBR
Language of cataloging eng
Description conventions rda
-- pn
Transcribing agency CaPaEBR
035 ## - SYSTEM CONTROL NUMBER
System control number (OCoLC)891381271
050 14 - LIBRARY OF CONGRESS CALL NUMBER
Classification number PE1628
Item number .I59 2014eb
082 04 - DEWEY DECIMAL CLASSIFICATION NUMBER
Classification number 423
Edition number 23
100 1# - MAIN ENTRY--PERSONAL NAME
Personal name Inyang, Ekpe,
Relator term author.
245 10 - TITLE STATEMENT
Title Kpewi durorp :
Remainder of title language of the bororp of the korup ethnic group /
Statement of responsibility, etc Ekpe Inyang.
264 #1 - PRODUCTION, PUBLICATION, DISTRIBUTION, MANUFACTURE, AND COPYRIGHT NOTICE
Place of production, publication, distribution, manufacture Bamenda, Cameroon :
Name of producer, publisher, distributor, manufacturer Langaa Research & Publishing Common Initiative Group,
Date of production, publication, distribution, manufacture, or copyright notice 2014.
Date of production, publication, distribution, manufacture, or copyright notice �2014
300 ## - PHYSICAL DESCRIPTION
Extent 1 online resource (125 pages) :
Other physical details illustrations, tables
336 ## - CONTENT TYPE
Content type term text
Source rdacontent
337 ## - MEDIA TYPE
Media type term computer
Source rdamedia
338 ## - CARRIER TYPE
Carrier type term online resource
Source rdacarrier
588 ## - SOURCE OF DESCRIPTION NOTE
Source of description note Description based on online resource; title from PDF title page (ebrary, viewed August 31, 2014).
590 ## - LOCAL NOTE (RLIN)
Local note Electronic reproduction. Palo Alto, Calif. : ebrary, 2014. Available via World Wide Web. Access may be limited to ebrary affiliated libraries.
650 #0 - SUBJECT ADDED ENTRY--TOPICAL TERM
Topical term or geographic name as entry element English language
Form subdivision Dictionaries
General subdivision Durorp.
Topical term or geographic name as entry element Durorp language
Form subdivision Dictionaries
General subdivision English.
655 #0 - INDEX TERM--GENRE/FORM
Genre/form data or focus term Electronic books.
776 08 - ADDITIONAL PHYSICAL FORM ENTRY
Display text Print version:
Main entry heading Inyang, Ekpe.
Title Kpewi durorp : language of the bororp of the korup ethnic group.
Place, publisher, and date of publication Bamenda, Cameroon : Langaa Research & Publishing Common Initiative Group, c2014
Physical description ix, 112 pages
International Standard Book Number 9789956792849
797 2# - LOCAL ADDED ENTRY--CORPORATE NAME (RLIN)
Corporate name or jurisdiction name as entry element ebrary.
856 40 - ELECTRONIC LOCATION AND ACCESS
Uniform Resource Identifier <a href="http://site.ebrary.com/lib/rucke/Doc?id=10913087">http://site.ebrary.com/lib/rucke/Doc?id=10913087</a>
Public note An electronic book accessible through the World Wide Web; click to view

No items available.

© 2026 Rongo University
Contact us: librarian | system librarian | Rongo university